000 00997nam a22002657a 4500
999 _c15298
_d15298
003 MIRAKIL
005 20240206165126.0
008 240206b tu ||||| |||| 00| 0 tur d
020 _a9786051556963
040 _aTR-AnCHP
_cTR-AnCHP
041 _aTürkçe
082 _a322.109561
_bA73T 2018
090 _a322.109561 A73T 2018
100 _aAteş, Sinan
245 1 0 _aTürkiye'de din politikaları ve din-siyaset ilişkisi :
_b(Cumhuriyet döneminde din politikaları ve din-siyaset ilişkisi) /
_cSinan Ateş ; editör: Ayşe Büşra Çalık
260 _aİstanbul
_bÖtüken Neşriyat,
_c2018
_f(GD Ofset Matbaacılık)
300 _a296 s. ;
_c21 cm.
490 0 _aÖtüken Neşriyat ;
_v1315
490 0 _aKültür serisi ;
_v764
504 _aKaynakça: 282-296. ss.
650 0 _95876
_aSiyaset ve din
_zTürkiye
650 0 _97457
_aDin Politikaları
_zTürkiye
856 _zDijital Nüshası için Partimizin Kütüphane Sorumlusu ile iletişime geçiniz.
942 _2ddc
_cBKS